Statistics for Države članice Europske unije

Click here to take the quiz!

General Stats

  • This quiz has been taken 218 times
  • The average score is 22 of 27

Answer Stats

Country% Correct
Hrvatska
97%
Francuska
95%
Njemačka
92%
Slovenija
92%
Belgija
91%
Italija
91%
Španjolska
91%
Portugal
89%
Poljska
88%
Austrija
85%
Nizozemska
85%
Bugarska
83%
Grčka
83%
Slovačka
83%
Češka
82%
Litva
82%
Švedska
82%
Finska
80%
Danska
79%
Latvija
79%
Madžarska
79%
Estonija
78%
Irska
75%
Rumunjska
75%
Luksemburg
71%
Malta
59%
Cipar
52%

Score Distribution

Percentile by Number Answered

Percent of People with Each Score

Your Score History

You have not taken this quiz